[Event "SEMI Sicilian Dragon theme email"]
[Site "SEMI email"]
[Date "1999.06.15"]
[Round "?"]
[White "Sigalotti, Carlo"]
[Black "Kamaluddin, Yusof"]
[Result "0-1"]
[WhiteElo "1000"]
[BlackElo "2063"]
[PlyCount "26"]
[EventDate "1999.05.??"]
[EventType "tourn (corr)"]
[EventRounds "8"]
[EventCountry "ITA"]
[SourceTitle "Corr 2008"]
[Source "ChessBase"]
[SourceDate "2008.06.24"]
[SourceVersion "1"]
[SourceVersionDate "2008.06.24"]
[SourceQuality "1"]

1. e4 c5 2. Nf3 d6 3. d4 cxd4 4. Nxd4 Nf6 5. Nc3 g6 6. Be3 Bg7 7. f4 0-0 8. Bd2 Nxe4 9. Nxe4 Bxd4 10. f5 Bxf5 11. Bh6 Bxb2 12. Bxf8 Bxe4 13. Bh6 Qa5+ 0-1